The Ultimate Restaurant Slogans and Mottos Quiz - Statistics

General Stats
  • This quiz has been taken 33 times
    31 since last reset
  • The average score is 19 of 79
Answer Stats
Slogan Restaurant % Correct
I'm lovin' it. McDonald's
93%
Finger lickin' good. Kentucky Fried Chicken
78%
Eat fresh. Subway
74%
Eat more chickin! Chick-Fil-A
67%
We have the meats. Arby's
63%
America runs on _______. Dunkin' Donuts
59%
Have it your way. Burger King
56%
It takes two hands to hold a Whopper. Burger King
52%
Where the food's the star. Hardee's
52%
________ ......yum. Red Robin
52%
Think outside the bun. Taco Bell
52%
Where's the beef? Wendy's
52%
Eatin' good in the neighborhood. Applebee's
48%
Better ingredients. Better pizza. Papa John's
48%
The home of the Whopper. Burger King
44%
Look for the golden arches! McDonald's
41%
America's drive-in. Sonic
41%
Original glazed doughnuts. Krispy Kreme
37%
We speak fish. Long John Silver's
37%
In here, it's always Fridays. T.G.I. Friday's
37%
Where the food's as good as the root beer. A&W
33%
Buy a bucket of chicken and have a barrel of fun. Kentucky Fried Chicken
33%
Two all-beef patties, special sauce, lettuce, cheese, pickles, onions, on a sesame seed bun. McDonald's
33%
Louisiana fast. Popeye's
33%
Yo quiero ________. Taco Bell
33%
Live mas. Taco Bell
33%
Wings. Beer. Sports Buffalo Wild Wings
30%
Hot eats, cold treats. Dairy Queen
30%
When you're here, you're family. Olive Garden
30%
Pizza deliver experts. Domino's Pizza
26%
Welcome to delicious. Culver's
22%
Freaky fast, freaky good. Jimmy John's
22%
We do chicken right. Kentucky Fried Chicken
22%
America's diner is alway's open. Denny's
19%
Nobody does chicken like ____. Kentucky Fried Chicken
19%
Gourmet Chinese Food Panda Express
19%
It's a whole new neighborhood. Applebee's
15%
It's good mood food. Arby's
15%
Get the door. It's _________. Domino's Pizza
15%
A sub above. Jersey Mike's
15%
Pizza! Pizza! Little Ceasar's
15%
No rules. Just right. Outback
15%
Mmmmm... Tasty! Quizno's
15%
To inspire and nurture the human spirit - one person, one cup, and one neighborhood at a time. Starbuck's
15%
What you crave. White Castle
15%
All American food. A&W
11%
little place. BIG TASTE. Checker's
11%
Food with integrity. Chipotle
11%
Come hungry, leave happy. IHOP
11%
Chinese for: Yummy. Panda Express
11%
Live consciously. Panera
11%
It's way better than fast food. It's _______. Wendy's
11%
Slicing up freshness. Arby's
7%
Fast fired. Blaze Pizza
7%
Don't bother me, I'm eating. Carl's Jr
7%
Making people happy through food. Carl's Jr
7%
License to grill. Chili's
7%
Fresh. Flavorful. Fun. Chili's
7%
Life needs frosting. Cinnabon
7%
Eat, shop, relax. Cracker Barrel
7%
Alway's fresh, never frozen. Five Guys
7%
Quality you can taste. In-N-Out
7%
We don't make it 'til you order it. Jack-in-the-Box
7%
Welcome to ___! Moe's Southwest Grill
7%
The flavor of now. Pizza Hut
7%
Life on land is dry. Red Lobster
7%
Stand for something good. Shake Shack
7%
In sight it must be right. Steak 'N' Shake
7%
Alway's fresh. Tim Horton's
7%
Good food fast. Waffle House
7%
Big pieces, little prices. Church's Chicken
4%
World's greatest hamburgers. Fuddrucker's
4%
We're here to win you over. Hardee's
4%
We're for all tastes. Jason's Deli
4%
Serious delivery. Jimmy John's
4%
________ genuine hospitality. McAllister's
4%
Make it great. Pizza Hut
4%
What are you going to love at ______? Qdoba
4%
Business highlight is our very own. Zaxby's
4%
No matching quizzes found
Score Distribution
Percent of People with Each Score
Percentile by Number Answered
Your Score History
You have not taken this quiz since the last reset